header

The book of Filemaker 6 (Record no. 159282)

MARC details
000 -LEADER
fixed length control field 01251nam a22003014a 4500
082 04 - DEWEY DECIMAL CLASSIFICATION NUMBER
Classification number 005.75/65
100 1# - MAIN ENTRY--AUTHOR NAME
Personal name Kubica, Chris.
245 14 - TITLE STATEMENT
Title The book of Filemaker 6
260 ## - PUBLICATION, DISTRIBUTION, ETC. (IMPRINT)
Place of publication San Francisco :
Name of publisher No Starch Press ;
Place of publication Berkeley, CA :
Name of publisher Distributed in the U.S. by Publishers Group West,
Year of publication c2003.
300 ## - PHYSICAL DESCRIPTION
Number of Pages xxxvii, 797 p. :
Other physical details ill.
500 ## - GENERAL NOTE
General note Includes index.
650 #0 - SUBJECT ADDED ENTRY--TOPICAL TERM
Topical Term Database management.
856 40 - ELECTRONIC LOCATION AND ACCESS
Uniform Resource Identifier http://site.ebrary.com/lib/rucke/Doc?id=10041229

No items available.

© 2026 Rongo University
Contact us: librarian | system librarian | Rongo university